O urso e a formiga (Registo nº 28621)

Detalhes MARC
000 -Etiqueta do registo
Valores 00729cam a2200277 4500
010 ## - Número ISBN
ISBN 9722620495
021 ## - Número do Depósito Legal
-- PT
Número 167973/01
090 ## -
-- 28621
100 ## - Dados gerais de processamento
Dados gerais 20071016d2002 d y0pory5003 ba
101 0# - Língua de publicação
-- por
102 ## - País de publicação
-- PT
105 ## -
-- a z 000yy
106 ## -
-- r
200 1# - Titulo e menção de responsabilidade
Título próprio O urso e a formiga
Primeira menção de responsabilidade Luísa Ducla Soares
Outras menções de responsabilidade il. Paul Driver
210 ## - Publicação
Local de publicação Porto
Nome do editor Civilização,
Data de publicação cop. 2002
215 ## - Descrição física 
Paginação / Volumes [33] p.
Outras indicações físicas il.
Dimensões 31 cm
225 2# - Colecção 
Título próprio da colecção Obra completa de Luísa Ducla Soares
675 ## - CDU
Notação 087.5
-- 2104
675 ## - CDU
Notação 821.134.3-93"19"
675 ## - CDU
Notação 821.134.3-34"19"
700 #1 - Autor principal (pessoa individual)
Apelido Soares,
Nome Luísa Ducla,
Datas 1939-
ID Autoridade 2431
702 #1 - Autor secundário (pessoa individual)
Apelido Driver,
Nome Paul
-- 440
930 ## -
-- BECRE
990 ## - Elementos KOHA
Tipo de documento Livro
995 ## - Localização e informação dos exemplares
-- 18
995 ## - Localização e informação dos exemplares
-- 18
Exemplares
Situação do levantamento Estado Biblioteca de origem Biblioteca de empréstimo Código de barras Cota Permissão de empréstimo Tipo de documento
  Completo Biblioteca da Escola Básica de Aguiar Biblioteca da Escola Básica de Aguiar 458BA 087.5 SOA Disponível Livro
  Completo Biblioteca do Centro Escolar de Viana do Alentejo Biblioteca do Centro Escolar de Viana do Alentejo 1039BV 087.5 SOA Disponível Livro




Powered by Koha